Statistics for Ultimate MCU Quote Quiz

Click here to take the quiz!

General Stats

  • This quiz has been taken 39 times
  • The average score is 14 of 30

Answer Stats

QuestionAnswer% Correct
“Let me know if ‘real power' wants a magazine or anything."Nick Fury
94%
“Pick on someone your own size!”Ant-Man
77%
"I Don't Judge People By Their Worst Mistakes."Black Widow
71%
“I still believe in heroes.”Nick Fury
69%
"Trying to rid the world of weapons, you just gave its best one ever"Iron Monger
60%
"Just because something works doesn't mean it can't be improved."Shuri
60%
"Earth Just Lost Her Best Defender, So We're Here To Fight.”Captain America
54%
"The only chance we’ve got is the both of you."Hank Pym
51%
"Oh My God. That Was Really Violent."Pepper Potts
51%
"Well, now I'm standing. Happy? We're all standing now."Rocket Racoon
51%
"I Knew It! I Knew You Did, It's So Cool, Right?"Yelena
49%
"Hey, being a genius is my thing."Iron Man
46%
" I don’t enjoy hurting people. I… I don’t enjoy it. I do it because I’ve had to."Loki
46%
"One Down. Five To Go."The Collector
46%
"Choose your weapon wisely."Wong
46%
"I have to get off this planet."Loki
43%
“Don’t use the last five years as an excuse to be a coward.”Monica Rambeau
43%
“So Who Are You Fighting Now… Gandalf?”Winter Soldier
43%
"Someone's Got To Look Out For The Little Guy, Right"Iron Man
40%
"Fondue Is just cheese and bread, my friend"Howard Stark
37%
“I'd love to leave my door unlocked at night, but this ain't Canada.”Justin Hammer
37%
"I need a horse"Thor
37%
"To build a really better world, sometimes means having to tear the old one down."Alexander Pierce
34%
“You don’t know me. You have no idea who I am.”Captain Marvel
34%
"Did you make a penis?"Drax
34%
“You’re all alone. Your friends are missing. Your tech is gone. What are you going to do?”Happy Hogan
31%
"All I ever wanted was a normal life."Shang-Chi
29%
"Give Me A Real Fight."Abomination
26%
"Please be a secret door, please be a secret door, please be a secret door...yaySpider-Man
23%
"You'd Have To Go Mark Fuhrman On My Ass To Get Information Out Of Me."Falcon
20%

Score Distribution

Percentile by Number Answered

Percent of People with Each Score

Your Score History

You have not taken this quiz